Povinnosti zamestnávateľa pri organizačných zmenách

Organizačné zmeny zamestnávateľa, povinnosti zamestnávateľa pri nich. Zánik zamestnávateľa - pravnickej osoby s právnym nástupcom a bez neho. Prevod (časti) zamestnávateľa k inému zamestnávateľovi. Prechod bez zmeny pracovných podmienok. Vnútorné organizačné zmeny.

Enregistré dans:
Détails bibliographiques
Auteur principal: Matlovičová, Iveta
Format: Chapitre de livre
Langue:slovaque
Sujets:
Tags: Ajouter un tag
Pas de tags, Soyez le premier à ajouter un tag!

MARC

LEADER 00000naa a2200000 4500
001 0231176
005 20170602091821.7
041 0 |a slo 
044 |a SK 
245 1 0 |a Povinnosti zamestnávateľa pri organizačných zmenách  |c Iveta Matlovičová 
520 |a Organizačné zmeny zamestnávateľa, povinnosti zamestnávateľa pri nich. Zánik zamestnávateľa - pravnickej osoby s právnym nástupcom a bez neho. Prevod (časti) zamestnávateľa k inému zamestnávateľovi. Prechod bez zmeny pracovných podmienok. Vnútorné organizačné zmeny. 
610 2 0 |a zamestnávatelia 
610 2 0 |a povinnosti zamestnávateľov 
610 2 0 |a zmeny organizačné 
610 2 0 |a zamestnanci 
610 2 0 |a právo pracovné 
610 2 0 |a zmluvy pracovné 
100 1 |a Matlovičová, Iveta